[Event "WYCC U16 Open 2019"]
[Site "Mumbai"]
[Date "2019.10.12"]
[Round "11.4"]
[White "Nogerbek, Kazybek"]
[Black "Kushagra Mohan"]
[Result "1/2-1/2"]
[WhiteElo "2387"]
[BlackElo "2309"]
[Annotator "TA"]
[PlyCount "61"]
[EventDate "2019.10.02"]
[EventType "swiss"]
[EventCountry "IND"]
[SourceTitle "playchess.com"]
[Source "ChessBase"]
[SourceQuality "1"]

{[%evp 13,61,39,37,25,35,25,20,22,25,22,27,17,18,5,25,27,32,30,36,32,31,27,18,25,61,54,65,57,44,49,49,55,58,60,66,71,60,54,58,64,62,35,35,35,35,35,35,31,59,11]} 1. d4 Nf6 2. c4 g6 3. Nc3 Bg7 4. e4 d6 5. Be2 O-O 6. Be3 c5 7. d5 e6 8. Nf3 {E73: King's Indian: Averbakh Variation without 6...c5} exd5 9. cxd5 Bg4 $146 (9... Re8 10. Nd2 c4 11. O-O Na6 12. Bf3 b6 13. Re1 Nc5 14. Bxc5 bxc5 15. e5 Rxe5 16. Rxe5 dxe5 17. Nxc4 {½-½ (23) Howell,D (2687)-Jones,G (2670) Hull 2018}) 10. Nd2 {The position is equal.} Bxe2 11. Qxe2 ({Much worse is} 11. Kxe2 Ng4 $15) 11... Re8 12. O-O Na6 13. Rab1 Qd7 14. h3 Rab8 15. Rfc1 b5 16. a4 {[%cal Ra4b5]} Nc7 $1 {Black wants to play ...b4.} 17. axb5 Nxb5 18. Qd3 a6 19. Ra1 Qb7 20. Nc4 Nxc3 21. bxc3 Nxe4 22. f3 {Rcb1 is the strong threat.} Nf6 23. Nxd6 {[%mdl 64] [#] Double Attack} Qxd5 24. Qxd5 Nxd5 25. Nxe8 {White is slightly better.} Rxe8 26. Bd2 $1 Re2 27. Rd1 Nxc3 28. Bxc3 Bxc3 29. Rxa6 Bd4+ 30. Kh1 h5 31. Rd6 {Accuracy: White = 83%, Black = 78%.} 1/2-1/2

[Event "WYCC U16 Open 2019"]
[Site "Mumbai"]
[Date "2019.10.12"]
[Round "11.5"]
[White "Raja Rithvik R"]
[Black "Kacharava, Nikolozi"]
[Result "1/2-1/2"]
[WhiteElo "2369"]
[BlackElo "2428"]
[Annotator "ChessBase"]
[PlyCount "75"]
[EventDate "2019.10.02"]
[EventType "swiss"]
[EventCountry "IND"]
[SourceTitle "playchess.com"]
[Source "ChessBase"]
[SourceQuality "1"]
[TimeControl "40/5400+30:1800+30"]

1. Nf3 {[%emt 0:00:00]} Nf6 {[%emt 0:00:00]} 2. c4 {[%emt 0:00:00]} d6 {[%emt 0:00:26]} 3. d4 {[%emt 0:00:00]} g6 {[%emt 0:00:31]} 4. g3 {[%emt 0:00:18]} Bg7 {[%emt 0:00:24]} 5. Bg2 {[%emt 0:00:06]} O-O {[%emt 0:00:33]} 6. Nc3 {[%emt 0:00:04]} Nc6 {[%emt 0:00:51]} 7. O-O {[%emt 0:00:07]} e5 {[%emt 0:00:31]} 8. dxe5 {[%emt 0:00:06]} dxe5 {[%emt 0:00:35]} 9. Bg5 {[%emt 0:00:06]} Be6 {[%emt 0:00:35]} 10. Qc1 {[%emt 0:00:09]} Qe8 {[%emt 0:00:40]} 11. Rd1 {[%emt 0:00:06]} Rd8 {[%emt 0:00:46]} 12. Nd2 {[%emt 0:01:34]} Rd7 {[%emt 0:00:45]} 13. b3 {[%emt 0:12:02]} Ng4 {[%emt 0:06:46]} 14. Nde4 {[%emt 0:08:57]} Rxd1+ {[%emt 0:08:33]} 15. Qxd1 {[%emt 0:00:28]} f5 {[%emt 0:02:31]} 16. h3 {[%emt 0:09:02]} fxe4 {[%emt 0:05:09]} 17. hxg4 {[%emt 0:00:06]} Nd4 {[%emt 0:03:01]} 18. Bxe4 {[%emt 0:01:05]} Bxg4 {[%emt 0:00:46]} 19. Qd2 {[%emt 0:05:35]} c6 {[%emt 0:06:28]} 20. Kg2 {[%emt 0:02:02]} Qf7 {[%emt 0:09:01]} 21. f3 {[%emt 0:07:44]} Bf5 22. Rf1 {[%emt 0:12:02]} a6 {[%emt 0:18:05]} 23. Bd3 {[%emt 0:05:21]} b5 {[%emt 0:07:13]} 24. cxb5 {[%emt 0:08:17]} axb5 {[%emt 0:00:12]} 25. Ne4 {[%emt 0:00:10]} Be6 {[%emt 0:03:10]} 26. Bh6 {[%emt 0:04:51]} Bxh6 {[%emt 0:03:59]} 27. Qxh6 {[%emt 0:00:14]} Nf5 {[%emt 0:00:17]} 28. Qd2 {[%emt 0:01:32]} Qa7 {[%emt 0:01:21]} 29. Rc1 {[%emt 0:03:46]} Ne3+ {[%emt 0:03:32]} 30. Kh1 {[%emt 0:00:01]} Qd4 {[%emt 0:05:38]} 31. Qc3 {[%emt 0:03:21]} Bd5 {[%emt 0:01:53]} 32. Qxd4 {[%emt 0:01:06]} exd4 {[%emt 0:00:02]} 33. a4 {[%emt 0:00:00]} Bxb3 {[%emt 0:04:00]} 34. axb5 {[%emt 0:00:33]} cxb5 {[%emt 0:00:07]} 35. Bxb5 {[%emt 0:00:47]} Bd5 {[%emt 0:01:57]} 36. Bd3 {[%emt 0:00:34]} Bxe4 {[%emt 0:01:22]} 37. Bxe4 {[%emt 0:00:05]} Kg7 {[%emt 0:01:19]} 38. Ra1 {[%emt 0:02:29]} 1/2-1/2

[Event "WYCC U16 Open 2019"]
[Site "Mumbai"]
[Date "2019.10.12"]
[Round "11.6"]
[White "Harshavardhan G B"]
[Black "Utsab Chatterjee"]
[Result "1-0"]
[WhiteElo "2362"]
[BlackElo "2211"]
[Annotator "NA RC"]
[PlyCount "72"]
[EventDate "2019.10.02"]
[EventType "swiss"]
[EventCountry "IND"]
[SourceTitle "playchess.com"]
[Source "ChessBase"]
[SourceQuality "1"]
[TimeControl "40/5400+30:1800+30"]

1. d4 d5 2. c4 e6 3. Nc3 Nf6 4. Nf3 Be7 5. Bf4 O-O 6. e3 c5 7. dxc5 Bxc5 8. a3 Nc6 9. Rc1 Be7 10. cxd5 Nxd5 11. Nxd5 exd5 12. b4 Bg4 13. Be2 Rc8 14. O-O a6 15. h3 Bh5 16. Qd2 Bg6 17. Ne5 Nxe5 18. Bxe5 Rxc1 19. Rxc1 Bf6 20. Bxf6 Qxf6 21. Qd4 Qe6 22. Bg4 Qe4 23. Bf3 Qxd4 24. exd4 Be4 25. Rc7 Rb8 26. Bxe4 dxe4 27. Kf1 g6 28. Ke2 b5 29. Ke3 f5 30. d5 Ra8 31. Kd4 a5 32. d6 Rd8 33. Ke5 axb4 34. axb4 Re8+ 35. Kd5 Rd8 36. d7 Kf7 1-0

[Event "WYCC U16 Open 2019"]
[Site "Mumbai"]
[Date "2019.10.12"]
[Round "11.7"]
[White "Bilych, Olexiy"]
[Black "Moksh Amit Doshi"]
[Result "1-0"]
[WhiteElo "2281"]
[BlackElo "2328"]
[Annotator "ChessBase"]
[PlyCount "64"]
[EventDate "2019.10.02"]
[EventType "swiss"]
[EventCountry "IND"]
[SourceTitle "playchess.com"]
[Source "ChessBase"]
[SourceQuality "1"]
[TimeControl "40/5400+30:1800+30"]

1. e4 c5 2. Nf3 d6 3. d4 cxd4 4. Nxd4 Nf6 5. Nc3 a6 6. h3 e6 7. g4 Nfd7 8. g5 b5 9. a3 Bb7 10. h4 Be7 11. Be3 Nc6 12. Qd2 O-O 13. O-O-O Nc5 14. Rg1 b4 15. Nxc6 Bxc6 16. axb4 Nxe4 17. Nxe4 Bxe4 18. Bd3 Bxd3 19. Qxd3 d5 20. Bd4 Qc7 21. Qe3 Rfc8 22. c3 Bxb4 23. g6 hxg6 24. h5 Bd6 25. Qh3 Bf4+ 26. Kb1 e5 27. hxg6 fxg6 28. Rxg6 exd4 29. Rh1 Qe5 30. Re6 Qg5 31. Rg6 Qe5 32. Re6 Qg5 1-0

[Event "WYCC U16 Open 2019"]
[Site "Mumbai"]
[Date "2019.10.12"]
[Round "11.8"]
[White "Avila Pavas, Santiago"]
[Black "Ammar, Sedrani"]
[Result "1/2-1/2"]
[WhiteElo "2406"]
[BlackElo "2053"]
[Annotator "ChessBase"]
[PlyCount "74"]
[EventDate "2019.10.02"]
[EventType "swiss"]
[EventCountry "IND"]
[SourceTitle "playchess.com"]
[Source "ChessBase"]
[SourceQuality "1"]
[TimeControl "40/5400+30:1800+30"]

1. c4 e6 2. g3 Nf6 3. Bg2 d5 4. Nf3 c6 5. O-O Nbd7 6. b3 Be7 7. Bb2 O-O 8. d3 b6 9. Qc2 Bb7 10. e4 c5 11. e5 Ne8 12. Nfd2 Nef6 13. Nf3 Ne8 14. Nfd2 Qc7 15. f4 d4 16. Ne4 f6 17. exf6 gxf6 18. Qe2 Ng7 19. Na3 a6 20. Rae1 Rae8 21. Nc2 f5 22. Nd2 Bd6 23. Bxb7 Qxb7 24. Nf3 e5 25. fxe5 Nxe5 26. Nxe5 Bxe5 27. Qg2 Qxg2+ 28. Kxg2 f4 29. gxf4 Bxf4 30. Rxe8 Nxe8 31. Bc1 Bxc1 32. Rxc1 Rf5 33. b4 Rg5+ 34. Kf3 Rf5+ 35. Ke2 Rh5 36. Rg1+ Kf7 37. Rg2 Nd6 1/2-1/2

[Event "WYCC U16 Open 2019"]
[Site "Mumbai"]
[Date "2019.10.12"]
[Round "11.9"]
[White "Raahul V S"]
[Black "Gharibyan, Mamikon"]
[Result "1-0"]
[WhiteElo "2262"]
[BlackElo "2388"]
[Annotator "ChessBase"]
[PlyCount "77"]
[EventDate "2019.10.02"]
[EventType "swiss"]
[EventCountry "IND"]
[SourceTitle "playchess.com"]
[Source "ChessBase"]
[SourceQuality "1"]
[TimeControl "40/5400+30:1800+30"]

1. c4 e6 2. g3 d5 3. Bg2 Nf6 4. Nf3 b6 5. O-O Bb7 6. d4 Be7 7. Qa4+ c6 8. Ne5 O-O 9. Nc3 Nfd7 10. Nd3 a6 11. Qb3 b5 12. cxd5 cxd5 13. e4 dxe4 14. Nxe4 Nc6 15. Be3 Na5 16. Qd1 Nc4 17. Nf6+ Nxf6 18. Bxb7 Ra7 19. Bg2 Nd5 20. Qe2 Bf6 21. Rac1 Ndxe3 22. fxe3 Nxe3 23. Rxf6 Qxf6 24. Qxe3 Qd8 25. Nb4 Qd6 26. Rc5 Rd7 27. Nc2 Rc7 28. b4 a5 29. Na3 Qd7 30. bxa5 b4 31. Nc4 Rxc5 32. dxc5 Qa4 33. Qd2 Qb5 34. Qd4 e5 35. Qd5 Qa4 36. c6 Qxa2 37. c7 Qc2 38. Bf1 e4 39. Qd8 1-0

[Event "WYCC U16 Open 2019"]
[Site "Mumbai"]
[Date "2019.10.12"]
[Round "11.10"]
[White "Soham Kamotra"]
[Black "Sankalp Gupta"]
[Result "1/2-1/2"]
[WhiteElo "2091"]
[BlackElo "2369"]
[Annotator "ChessBase"]
[PlyCount "85"]
[EventDate "2019.10.02"]
[EventType "swiss"]
[EventCountry "IND"]
[SourceTitle "playchess.com"]
[Source "ChessBase"]
[SourceQuality "1"]
[TimeControl "40/5400+30:1800+30"]

1. c4 {[%emt 0:00:00]} e5 {[%emt 0:00:00]} 2. g3 {[%emt 0:00:00]} Nc6 {[%emt 0:00:00]} 3. Bg2 {[%emt 0:00:00]} Bc5 {[%emt 0:00:00]} 4. Nc3 {[%emt 0:00:32]} d6 {[%emt 0:00:00]} 5. d3 {[%emt 0:01:32]} Nge7 {[%emt 0:00:53]} 6. e3 {[%emt 0:05:35]} a6 {[%emt 0:00:12]} 7. a3 {[%emt 0:00:26]} h5 {[%emt 0:00:09]} 8. Nf3 {[%emt 0:04:14]} Ng6 {[%emt 0:00:33]} 9. h4 {[%emt 0:13:02]} Bg4 {[%emt 0:00:04]} 10. O-O {[%emt 0:00:28]} O-O {[%emt 0:05:58]} 11. b4 {[%emt 0:03:19]} Ba7 {[%emt 0:00:12]} 12. Qb3 {[%emt 0:00:13]} Qd7 {[%emt 0:02:53]} 13. Kh2 {[%emt 0:09:50]} Kh8 {[%emt 0:05:11]} 14. Ng5 {[%emt 0:06:48]} f6 {[%emt 0:01:41]} 15. Nge4 {[%emt 0:00:07]} f5 {[%emt 0:01:57]} 16. Ng5 {[%emt 0:00:12]} f4 {[%emt 0:01:08]} 17. Bd2 {[%emt 0:01:50]} f3 {[%emt 0:04:08]} 18. Bh1 {[%emt 0:00:31]} Nce7 {[%emt 0:09:24]} 19. Qd1 {[%emt 0:11:23]} Qf5 {[%emt 0:02:45]} 20. e4 {[%emt 0:00:28]} Qd7 {[%emt 0:09:03]} 21. Be3 {[%emt 0:06:52]} Nc6 {[%emt 0:04:22]} 22. Nb1 {[%emt 0:06:33]} Bd4 {[%emt 0:11:58]} 23. Ra2 {[%emt 0:00:16]} Rf6 {[%emt 0:02:36]} 24. Nd2 {[%emt 0:08:44]} Raf8 {[%emt 0:04:34]} 25. Nb3 {[%emt 0:08:17]} Ba7 {[%emt 0:07:16]} 26. Qa1 {[%emt 0:03:35]} Bb8 {[%emt 0:08:48]} 27. Rd2 {[%emt 0:01:28]} Nd8 {[%emt 0:06:30]} 28. d4 {[%emt 0:00:12]} Qa4 {[%emt 0:00:05]} 29. Qc3 {[%emt 0:01:05]} Nf7 {[%emt 0:00:30]} 30. d5 {[%emt 0:00:40]} Nh6 {[%emt 0:02:16]} 31. Rd3 {[%emt 0:01:05]} Bc8 {[%emt 0:01:52]} 32. Nd2 {[%emt 0:01:43]} Ng4+ {[%emt 0:03:27]} 33. Kg1 {[%emt 0:00:02]} Nxe3 {[%emt 0:00:25]} 34. Rxe3 {[%emt 0:00:11]} Bg4 {[%emt 0:02:06]} 35. Bxf3 {[%emt 0:00:27]} Ba7 {[%emt 0:00:10]} 36. Re2 {[%emt 0:01:13]} Bd4 {[%emt 0:00:29]} 37. Qd3 {[%emt 0:00:01]} Qd7 {[%emt 0:00:21]} 38. Kh2 {[%emt 0:01:19]} Bxf3 {[%emt 0:01:00]} 39. Ndxf3 {[%emt 0:00:02]} Ba7 {[%emt 0:00:21]} 40. Rc2 {[%emt 0:01:54]} Qg4 {[%emt 0:00:33]} 41. Rc3 {[%emt 0:33:28]} Bd4 {[%emt 0:05:41]} 42. Rb3 {[%emt 0:00:00]} c6 {[%emt 0:01:59]} 43. Qe2 {[%emt 0:00:00]} 1/2-1/2

[Event "WYCC U16 Open 2019"]
[Site "Mumbai"]
[Date "2019.10.12"]
[Round "11.11"]
[White "Mis, Mieszko"]
[Black "Turgut, Aydin"]
[Result "1-0"]
[WhiteElo "2345"]
[BlackElo "2281"]
[Annotator "ChessBase"]
[PlyCount "195"]
[EventDate "2019.10.02"]
[EventType "swiss"]
[EventCountry "IND"]
[SourceTitle "playchess.com"]
[Source "ChessBase"]
[SourceQuality "1"]
[TimeControl "40/5400+30:1800+30"]

1. d4 Nf6 2. c4 e6 3. Nf3 b6 4. g3 Bb7 5. Bg2 Be7 6. O-O O-O 7. Re1 a5 8. Bf4 d6 9. Qc2 c5 10. dxc5 bxc5 11. Nc3 Qb6 12. Rad1 Rd8 13. e4 Nc6 14. e5 dxe5 15. Bxe5 Ne8 16. Bf4 Nd4 17. Nxd4 cxd4 18. Nd5 Bxd5 19. cxd5 Rac8 20. Qd3 Nc7 21. Bxc7 Rxc7 22. dxe6 fxe6 23. Re2 Bf6 24. Be4 g6 25. Rde1 Kg7 26. h4 Rc5 27. Qf3 Re5 28. Bd3 Rdd5 29. Kg2 Qd6 30. Rxe5 Rxe5 31. Rc1 Rc5 32. Rh1 Qc6 33. Be4 Qb5 34. a4 Qxa4 35. h5 Rxh5 36. Rxh5 gxh5 37. Qxh5 Kf8 38. Qxh7 Bg7 39. Qh5 Qb4 40. Bc6 Ke7 41. Qe8+ Kf6 42. Qd8+ Kg6 43. Be8+ Kh7 44. Qg5 Qb7+ 45. Kh2 Qf3 46. Bg6+ Kg8 47. Kg1 Qf6 48. Qh5 e5 49. Bd3 Qe6 50. Qf3 Bf6 51. Qb7 Qe7 52. Qd5+ Kg7 53. b3 Qf7 54. Qb5 Qc7 55. Qe8 Qf7 56. Qb8 Qf8 57. Qb7+ Qf7 58. Qb6 Qe7 59. Be4 Qd8 60. Qa7+ Be7 61. Qa6 Bf6 62. Qe2 Qd7 63. Qh5 Qf7 64. Qf5 Kf8 65. Bd3 Qe7 66. g4 Kg7 67. Be4 Qd8 68. Kg2 Qe7 69. Kf1 Qd8 70. Qe6 Qe7 71. Qb6 Qf7 72. Bf5 Kf8 73. Kg2 Kg7 74. Qb5 Kf8 75. Bd3 Qe6 76. Kf3 Kg7 77. Qb7+ Be7 78. Qe4 Qf6+ 79. Kg2 Kf8 80. Qa8+ Bd8 81. Qd5 Qg5 82. Bf5 Qe7 83. Kf3 Qc7 84. Bd7 Bf6 85. Kg2 Kg7 86. Bf5 Qd8 87. Qf3 Qe8 88. Be4 Qc8 89. Bd3 Qe6 90. Qe4 Qf7 91. Qf5 Qe7 92. Be4 Qd8 93. Bd3 Qe7 94. Kf1 Qd8 95. Qh7+ Kf8 96. Bc4 Qe8 97. Qg8+ Ke7 98. Qe6+ 1-0

[Event "WYCC U16 Open 2019"]
[Site "Mumbai"]
[Date "2019.10.12"]
[Round "11.12"]
[White "Goderdzishvili, Giga"]
[Black "Soto, Miguel Angel"]
[Result "1/2-1/2"]
[WhiteElo "2038"]
[BlackElo "2283"]
[Annotator "ChessBase"]
[PlyCount "89"]
[EventDate "2019.10.02"]
[EventType "swiss"]
[EventCountry "IND"]
[SourceTitle "playchess.com"]
[Source "ChessBase"]
[SourceQuality "1"]
[TimeControl "40/5400+30:1800+30"]

1. Nf3 Nf6 2. g3 g6 3. Bg2 Bg7 4. O-O O-O 5. d4 d5 6. c4 c6 7. cxd5 cxd5 8. Ne5 Nc6 9. Nc3 e6 10. Bf4 Nh5 11. Nxc6 bxc6 12. Na4 Nxf4 13. gxf4 Qd6 14. e3 f6 15. Qb3 e5 16. Rac1 Kh8 17. Qa3 Qxa3 18. bxa3 Ba6 19. Rfd1 exf4 20. exf4 Bh6 21. Bf1 Bb5 22. Bxb5 cxb5 23. Nc3 Bxf4 24. Rb1 a6 25. Nxd5 Bd6 26. a4 bxa4 27. Nb6 Rae8 28. Nxa4 Re4 29. h3 Rd8 30. Nc3 Rf4 31. Kg2 Bf8 32. Rb6 a5 33. Ne2 Rf5 34. Ng3 Rf4 35. Ne2 Re4 36. Ng3 Rexd4 37. Rxd4 Rxd4 38. Rxf6 Kg7 39. Re6 a4 40. Re4 Bc5 41. Rxd4 Bxd4 42. f4 Kf6 43. Kf3 Ke6 44. Ke4 Bf2 45. Ne2 {Ke5+} 1/2-1/2

[Event "WYCC U16 Open 2019"]
[Site "Mumbai"]
[Date "2019.10.12"]
[Round "11.13"]
[White "Talukdar, Rohan"]
[Black "Bagvilas, Lukas"]
[Result "1-0"]
[WhiteElo "2369"]
[BlackElo "1983"]
[Annotator "ChessBase"]
[PlyCount "81"]
[EventDate "2019.10.02"]
[EventType "swiss"]
[EventCountry "IND"]
[SourceTitle "playchess.com"]
[Source "ChessBase"]
[SourceQuality "1"]
[TimeControl "40/5400+30:1800+30"]

1. e4 {[%emt 0:00:00]} c5 {[%emt 0:00:00]} 2. Nf3 {[%emt 0:00:00]} e6 {[%emt 0:00:00]} 3. d4 {[%emt 0:00:00]} cxd4 {[%emt 0:00:00]} 4. Nxd4 {[%emt 0:00:00]} Qb6 {[%emt 0:00:00]} 5. Nb3 {[%emt 0:02:23]} Nc6 {[%emt 0:00:31]} 6. Nc3 {[%emt 0:00:55]} a6 {[%emt 0:00:08]} 7. Bd3 {[%emt 0:00:28]} Nf6 {[%emt 0:00:28]} 8. Be3 {[%emt 0:02:12]} Qc7 {[%emt 0:00:09]} 9. f4 {[%emt 0:00:01]} d6 {[%emt 0:00:06]} 10. Qf3 {[%emt 0:00:05]} e5 {[%emt 0:09:20]} 11. f5 {[%emt 0:06:39]} b5 {[%emt 0:01:27]} 12. O-O {[%emt 0:02:22]} Be7 {[%emt 0:03:02]} 13. a4 {[%emt 0:07:22]} b4 {[%emt 0:00:36]} 14. Nd5 {[%emt 0:00:05]} Nxd5 {[%emt 0:00:33]} 15. exd5 {[%emt 0:00:04]} Nb8 {[%emt 0:01:18]} 16. Qg4 {[%emt 0:04:41]} g6 {[%emt 0:03:13]} 17. Qxb4 {[%emt 0:00:33]} Nd7 {[%emt 0:00:13]} 18. Qd2 {[%emt 0:06:49]} Nf6 {[%emt 0:01:11]} 19. Bg5 {[%emt 0:01:27]} gxf5 {[%emt 0:03:37]} 20. Bxf6 {[%emt 0:03:09]} Bxf6 {[%emt 0:00:08]} 21. Bxf5 {[%emt 0:00:05]} Bg7 {[%emt 0:00:13]} 22. Kh1 {[%emt 0:09:18]} O-O {[%emt 0:00:17]} 23. Na5 {[%emt 0:03:22]} Qb6 {[%emt 0:06:34]} 24. Nc6 {[%emt 0:04:27]} Bxf5 {[%emt 0:00:21]} 25. Ne7+ {[%emt 0:00:06]} Kh8 {[%emt 0:00:05]} 26. Nxf5 {[%emt 0:00:04]} Rg8 {[%emt 0:00:08]} 27. Ra3 {[%emt 0:02:02]} Bf8 {[%emt 0:01:42]} 28. Rh3 {[%emt 0:06:14]} Rg6 {[%emt 0:00:50]} 29. Nh4 {[%emt 0:03:24]} Rg7 {[%emt 0:01:13]} 30. Qh6 {[%emt 0:02:44]} Qc5 {[%emt 0:01:44]} 31. Nf5 {[%emt 0:01:56]} Qc4 {[%emt 0:00:17]} 32. Rc1 {[%emt 0:03:55]} Qg4 {[%emt 0:04:28]} 33. Nxg7 {[%emt 0:00:17]} Qxg7 {[%emt 0:00:05]} 34. Qxg7+ {[%emt 0:00:40]} Bxg7 {[%emt 0:00:01]} 35. Rb3 {[%emt 0:00:40]} e4 {[%emt 0:00:42]} 36. Rb6 {[%emt 0:00:08]} Be5 {[%emt 0:00:06]} 37. b4 {[%emt 0:00:25]} f5 {[%emt 0:00:45]} 38. c4 {[%emt 0:00:11]} e3 {[%emt 0:00:18]} 39. c5 {[%emt 0:00:40]} Re8 {[%emt 0:02:16]} 40. cxd6 {[%emt 0:04:33]} e2 {[%emt 0:00:05]} 41. d7 {[%emt 0:30:10]} 1-0

[Event "WYCC U16 Open 2019"]
[Site "Mumbai"]
[Date "2019.10.12"]
[Round "11.14"]
[White "Galleguillos Alvarado, Maximilia"]
[Black "Tarlabasi, Emirhan"]
[Result "0-1"]
[WhiteElo "1894"]
[BlackElo "2365"]
[Annotator "ChessBase"]
[PlyCount "124"]
[EventDate "2019.10.02"]
[EventType "swiss"]
[EventCountry "IND"]
[SourceTitle "playchess.com"]
[Source "ChessBase"]
[SourceQuality "1"]
[TimeControl "40/5400+30:1800+30"]

1. d4 d5 2. Nf3 Nf6 3. e3 e6 4. Bd3 c5 5. c3 Nc6 6. Nbd2 Bd6 7. O-O O-O 8. dxc5 Bxc5 9. e4 h6 10. Qe2 Qc7 11. h3 Nh5 12. Nb3 Ng3 13. Qc2 dxe4 14. Bxe4 Nxe4 15. Qxe4 Bd6 16. Qe2 e5 17. Nbd2 Be6 18. b3 Rae8 19. Bb2 f5 20. Kh1 e4 21. Nd4 Nxd4 22. cxd4 Bd5 23. Rac1 Qd7 24. Nc4 f4 25. Qg4 Be6 26. Qg6 Rf6 27. Qh5 Bf7 28. Qg4 Be6 29. Qh5 Rf5 30. Qxe8+ Qxe8 31. Nxd6 Qh5 32. Nxf5 Bxf5 33. f3 Bxh3 34. gxh3 Qxh3+ 35. Kg1 Qg3+ 36. Kh1 exf3 37. Rc2 Qh3+ 38. Kg1 Qg4+ 39. Kh1 Qh5+ 40. Rh2 Qd5 41. Kg1 g5 42. Rxh6 g4 43. Rg6+ Kf7 44. Rxg4 Qf5 45. Rxf3 Qxg4+ 46. Kf2 Qf5 47. Bc3 Qc2+ 48. Ke1 Qb1+ 49. Ke2 Qxa2+ 50. Bd2 Ke6 51. b4 Qc4+ 52. Ke1 Qxd4 53. Rxf4 Qd3 54. Kd1 Kd5 55. Kc1 Kc6 56. Kd1 Kb5 57. Ke1 Ka4 58. Rg4 a6 59. Rg5 Kb3 60. Rc5 b6 61. Rg5 Kc2 62. Rg2 Qe4+ 0-1

[Event "WYCC U16 Open 2019"]
[Site "Mumbai"]
[Date "2019.10.12"]
[Round "11.15"]
[White "Manafov, Vugar"]
[Black "Lumachi, Gabriele"]
[Result "1-0"]
[WhiteElo "2357"]
[BlackElo "2207"]
[Annotator "ChessBase"]
[PlyCount "61"]
[EventDate "2019.10.02"]
[EventType "swiss"]
[EventCountry "IND"]
[SourceTitle "playchess.com"]
[Source "ChessBase"]
[SourceQuality "1"]
[TimeControl "40/5400+30:1800+30"]

1. d4 {[%emt 0:00:00]} d5 {[%emt 0:00:00]} 2. c4 {[%emt 0:00:00]} e6 {[%emt 0:00:35]} 3. Nc3 {[%emt 0:00:00]} Nf6 {[%emt 0:03:43]} 4. Nf3 {[%emt 0:00:05]} Nbd7 {[%emt 0:06:14]} 5. Bf4 {[%emt 0:03:31]} dxc4 {[%emt 0:00:50]} 6. e4 {[%emt 0:02:39]} Bb4 {[%emt 0:04:58]} 7. Qc2 {[%emt 0:04:13]} b5 {[%emt 0:05:29]} 8. a4 {[%emt 0:02:17]} c6 {[%emt 0:01:13]} 9. Be2 {[%emt 0:04:58]} Bb7 {[%emt 0:04:34]} 10. O-O {[%emt 0:04:00]} a6 {[%emt 0:00:57]} 11. Rfd1 {[%emt 0:03:55]} Nb6 {[%emt 0:05:42]} 12. e5 {[%emt 0:12:04]} Nfd5 {[%emt 0:06:21]} 13. Bg5 {[%emt 0:00:08]} Qd7 {[%emt 0:11:56]} 14. a5 {[%emt 0:04:21]} Nc8 {[%emt 0:01:05]} 15. Ne4 {[%emt 0:00:25]} h6 {[%emt 0:00:58]} 16. Bd2 {[%emt 0:00:29]} Be7 {[%emt 0:03:55]} 17. b3 {[%emt 0:00:19]} cxb3 {[%emt 0:01:50]} 18. Qxb3 {[%emt 0:00:05]} g5 {[%emt 0:07:46]} 19. Rac1 {[%emt 0:04:46]} Na7 {[%emt 0:03:07]} 20. Ne1 {[%emt 0:02:48]} c5 {[%emt 0:01:41]} 21. Nxc5 {[%emt 0:01:35]} Bxc5 {[%emt 0:00:41]} 22. Rxc5 {[%emt 0:00:23]} Nc6 {[%emt 0:03:02]} 23. Qb2 {[%emt 0:03:55]} Nde7 {[%emt 0:03:23]} 24. Nc2 {[%emt 0:01:53]} Rd8 {[%emt 0:01:56]} 25. Be1 {[%emt 0:01:36]} Nb8 {[%emt 0:02:28]} 26. Ne3 {[%emt 0:01:34]} Nd5 {[%emt 0:01:52]} 27. Ng4 {[%emt 0:01:54]} Kf8 {[%emt 0:01:22]} 28. Bf3 {[%emt 0:05:07]} h5 {[%emt 0:02:07]} 29. Bxd5 {[%emt 0:01:04]} hxg4 {[%emt 0:00:16]} 30. Bxb7 {[%emt 0:00:37]} Qxb7 {[%emt 0:00:17]} 31. d5 1-0

[Event "WYCC U16 Open 2019"]
[Site "Mumbai"]
[Date "2019.10.12"]
[Round "11.16"]
[White "Wachinger, Nikolas"]
[Black "Jayachandra Srinivas Vellanki"]
[Result "0-1"]
[WhiteElo "2297"]
[BlackElo "1967"]
[Annotator "ChessBase"]
[PlyCount "102"]
[EventDate "2019.10.02"]
[EventType "swiss"]
[EventCountry "IND"]
[SourceTitle "playchess.com"]
[Source "ChessBase"]
[SourceQuality "1"]
[TimeControl "40/5400+30:1800+30"]

1. e4 e6 2. d4 d5 3. Nd2 Be7 4. Bd3 c5 5. dxc5 Nf6 6. Qe2 O-O 7. Ngf3 Nc6 8. O-O Nb4 9. Nb3 a5 10. a4 b6 11. e5 Nd7 12. c6 Nxc6 13. Nbd4 Ndxe5 14. Nxe5 Nxd4 15. Qh5 f5 16. Be3 Bc5 17. Rae1 Qc7 18. Bf4 Bd6 19. Re3 Nc6 20. Rfe1 Nxe5 21. Bxe5 Bxe5 22. Rxe5 Qf7 23. Qe2 Ra7 24. c4 Rc7 25. b3 d4 26. Qf3 Rd8 27. Rb5 Rd6 28. Qf4 Qd7 29. Rbe5 Rc5 30. R5e2 Qc7 31. f3 Rd8 32. Re5 Rd6 33. h4 Qd8 34. h5 h6 35. Kf2 Qg5 36. Qxg5 hxg5 37. g4 Rxe5 38. Rxe5 Kf7 39. c5 Kf6 40. Rxf5+ exf5 41. cxd6 fxg4 42. Kg3 Ke5 43. fxg4 Kxd6 44. Kf3 Kc5 45. Bf5 Bb7+ 46. Ke2 Bd5 47. Bc2 Be6 48. Kf3 Kb4 49. Ke4 Kc3 50. Bd1 d3 51. Ke3 d2 {Kd4+} 0-1